| 000 | 00993nam a2200229 i 4500 | ||
|---|---|---|---|
| 001 | 114466 | ||
| 003 | ES-MaACL | ||
| 005 | 20250806054527.0 | ||
| 007 | t| | ||
| 008 | 070301s1908 sp |||| | spa d | ||
| 100 | 1 |
_aPulido, Ángel, _d1852-1932 _9149324 |
|
| 245 | 1 | 0 |
_aIntereses profesionales de las clases médicas _b: discurso inaugural del curso de 1908-909 / _cleído por D. Ángel Pulido Fernández, presidente, en el Salón de Actos del Ateneo, en la tarde del 8 de noviembre de 1908. |
| 260 |
_aMadrid : _b[s.n.], _c1908 ( _fImp. Hijos de J.A. García) |
||
| 300 |
_a52 p. ; _c22 cm. |
||
| 530 | _aDisponible en formato digital. | ||
| 594 | _aPrecede al tít.: Colegio de Médicos de Madrid. | ||
| 650 | 7 |
_aMedicina- _zEspaña- _yS.XIX _2 _9147760 |
|
| 710 | 2 |
_aColegio Oficial de Médicos de Madrid. _92974 |
|
| 852 |
_aES-MaACL _jT-1166-F-1 |
||
| 856 |
_uhttp://bdh-rd.bne.es/viewer.vm?id=0000204359&page=1 _zBiblioteca Digital Hispánica |
||
| 999 |
_c114466 _d114466 |
||